000 00995nas a2200241 454500
001 5384
005 20260407193504.0
008 260407s2011####ag###########|||spa#d
003 AR-UNSa-BCEJYS
040 _aAR-UNSa-BCEJYS
_bspa
_cAR-UNSa-BCEJYS
080 _a34
_xDerecho
245 1 0 _aRevista del Ministerio Público Fiscal de Salta
022 _a1852-9968
264 1 _aSalta :
_bProcuración General de la Provincia
_c2011
310 _aFrecuencia: Mensual
505 _aLa Revista del Ministerio Público Fiscal de Salta es una iniciativa de la Procuración General, que desde el mes de septiembre del año 2009, pretende ser una herramienta más de difusión de las actividades institucionales.
942 _cSER
590 _aniveau_biblio:s niveau_hierar:1
100 1 _aDi Paolo, Patricia J.
650 _aDerecho
650 _aDOCTRINA
856 4 1 _uhttps://biblioeco.unsa.edu.ar/pmb/images/revistas/Revista del Ministerio P?blico Fiscal de Salta.jpg
_yImagen de portada
_qimage/jpeg
999 _c8424
_d8424